000 01638cam a22002537i 4500
999 _c58721
_d58721
001 20610329
005 20221108161758.0
008 180802s2018 enkab b 001 0 eng d
010 _a 2017277992
020 _a9780128050590 X
_qpaperback
080 _a005.7 R-31
100 1 _aAndersen, Jan,
_eauthor.
_914304
245 1 0 _aResearch management :
_bEurope and beyond /
_cJan Andersen (Team Coordinator, Senior Executive Officer, Technical University of Denmark), Kristel Toom (Research Coordinator, School of Humanities, Tallinn University, Estonia), Susi Poli (Doctoral Candidate, University College London, Institute of Education London, Department of Education), Practice and Society, United Kingdom, New Higher Education and Research Professional -- Research and Third Mission Division, Italy), Pamela F. Miller (Interim executive director, Sponsored Projects Office, University of California at Berkeley, United States).
264 1 _aLondon, UK :
_bAcademic Press, an imprint of Elsevier,
_c[2018]
300 _axvii, 360 pages :
_billustrations ;
_c23 cm
338 _avolume
_bnc
_2rdacarrier
651 7 _aEurope.
_2fast
_0(OCoLC)fst01245064
_914309
653 _aკვლევის მენეჯმენტიევროპასა და მის ფარგლებს გარეთ
700 1 _aToom, Kristel,
_eauthor.
_914310
700 1 _aPoli, Susi,
_eauthor.
_914311
700 1 _aMiller, Pamela F.,
_eauthor.
_914312
776 0 8 _iElectronic version:
_aAndersen, Jan.
_tResearch management.
_dLondon, UK : Academic Press, an imprint of Elsevier, [2018]
_z9780128052082
_w(OCoLC)1010494423
942 _2udc
_cBK